| 000 | 00504nam a2200181Ia 4500 | ||
|---|---|---|---|
| 003 | OSt | ||
| 005 | 20260110123701.0 | ||
| 008 | 210210b1927 xxu||||| |||| 00| 0 eng d | ||
| 040 | _cAL | ||
| 041 | _aKannada | ||
| 082 | _a859/1004 | ||
| 100 |
_aNARAYANA VENKATESHA KURADI _9145726 _dನಾರಾಯಣ ವೆಂಕಟೇಶ ಕುರಾಡಿ. |
||
| 245 |
_aPadmini: _bಪದ್ಮಿನಿ |
||
| 260 |
_aBombayi _b- _c1927 |
||
| 690 |
_aKannada Fiction _9145727 |
||
| 906 | _a021752 | ||
| 942 |
_2ddc _cBK |
||
| 999 |
_c145852 _d145852 |
||